LEADER 03068nam 2200793 a 450 001 9910786261903321 005 20230125212110.0 010 $a1-299-22056-8 010 $a1-60649-651-4 035 $a(CKB)2670000000336878 035 $a(EBL)1132603 035 $a(OCoLC)829459908 035 $a(SSID)ssj0000970157 035 $a(PQKBManifestationID)12424831 035 $a(PQKBTitleCode)TC0000970157 035 $a(PQKBWorkID)11020277 035 $a(PQKB)10511860 035 $a(OCoLC)834603561 035 $a(CaBNVSL)swl00402240 035 $a(MiAaPQ)EBC1132603 035 $a(Au-PeEL)EBL1132603 035 $a(CaPaEBR)ebr10678410 035 $a(CaONFJC)MIL453306 035 $a(EXLCZ)992670000000336878 100 $a20130401d2013 fy 0 101 0 $aeng 135 $aur|n|---||||| 181 $ctxt 182 $cc 183 $acr 200 12$aA manager's guide to building a successful business$b[electronic resource] /$fGary Randazzo 205 $a1st ed. 210 $a[New York, N.Y.] (222 East 46th Street, New York, NY 10017) $cBusiness Expert Press$d2013 215 $a1 online resource (132 p.) 225 1 $aEntrepreneurship and small business management collection,$x1946-5661 300 $aPart of: 2013 digital library. 311 $a1-60649-650-6 320 $aIncludes bibliographical references (p. 113-114) and index. 327 $aIntroduction -- Part I. Management -- Planning -- Workforce -- Money -- Methods -- Directing -- Controls -- Part II. Marketing -- Products and services -- Promotion -- Pricing -- Place -- The successful business -- Notes -- References -- Index. 330 3 $aThis uses real market examples to demonstrate the effective use of management and marketing principles. The book also introduces programs developed over a 40-year career to help manage all aspects of a business and to develop and execute marketing strategies. Managers and executives will use this book as a guide to grow an established business or start a new one. The book can be used as a reference book for unique management challenges as well. 410 0$a2013 digital library. 410 0$aEntrepreneurship and small business management collection.$x1946-5661 606 $aStrategic planning 606 $aManagement 606 $aMarketing 610 $aplanning 610 $ajob performance 610 $astandards of performance 610 $adisruptive innovation 610 $amarket disruptions 610 $acash flow 610 $aPERT 610 $apricing 610 $amarketing promotions 610 $aorganizing 610 $afinancial controls 610 $amotivating employees 615 0$aStrategic planning. 615 0$aManagement. 615 0$aMarketing. 676 $a658.4012 700 $aRandazzo$b Gary$01504504 801 0$bMiAaPQ 801 1$bMiAaPQ 801 2$bMiAaPQ 906 $aBOOK 912 $a9910786261903321 996 $aA manager's guide to building a successful business$93733555 997 $aUNINA LEADER 02751nam 2200589 a 450 001 9910969348903321 005 20251117080206.0 010 $a1-136-07158-X 010 $a1-283-44797-5 010 $a9786613447975 010 $a0-240-82383-4 024 7 $a10.4324/9780240823836 035 $a(CKB)2670000000140791 035 $a(EBL)858741 035 $a(OCoLC)775872701 035 $a(SSID)ssj0000629800 035 $a(PQKBManifestationID)11374384 035 $a(PQKBTitleCode)TC0000629800 035 $a(PQKBWorkID)10732628 035 $a(PQKB)11784665 035 $a(OCoLC)776632425 035 $a(MiAaPQ)EBC858741 035 $a(EXLCZ)992670000000140791 100 $a20111220d2012 uy 0 101 0 $aeng 135 $aur|n|---||||| 181 $ctxt 182 $cc 183 $acr 200 10$aFinal Cut Pro X for iMovie and Final Cut Express users $emaking the creative leap /$fTom Wolsky 205 $a1st ed. 210 $aWaltham, Mass. $cElsevier$d2012 215 $a1 online resource (392 p.) 300 $aIncludes index. 311 08$a1-138-37222-6 311 08$a0-240-82366-4 327 $aMachine generated contents note: LESSON 1: Getting Started LESSON 2: The Interface LESSON 3: Preferences & Importing LESSON 4: Organization LESSON 5: Editing Basics: The Edit Functions LESSON 6: Advanced Editing: Trimming LESSON 7: Working With Audio LESSON 8: Adding Transitions LESSON 9: Basic Titles LESSON 10: Adding Effects LESSON 11: Color Correction LESSON 12: Animating Images LESSON 13: Compositing LESSON 14: Outputting from Final Cut Pro. 330 $aUpdates and addendum for the new version of FCPX (10.0.3) are available on the companion website, fcpxbook.com.Are you an iMovie or Final Cut Express user ready to make the jump to Final Cut Pro? If so, look no further.Take your movies to the next level with this easy-to-follow, hand-on guide from one of the preeminent Apple trainers in the world today. Author Tom Wolsky starts with the basics of Final Cut Pro X, allowing you to easily make the leap from Final Cut Express or iMovie, then gradually introduces you to more complex techniques with step-by-step tu 517 3 $aFinal Cut Pro Ten for iMovie and Final Cut Express users 606 $aVideo tapes$xEditing$xData processing 606 $aDigital video$xEditing$xData processing 615 0$aVideo tapes$xEditing$xData processing. 615 0$aDigital video$xEditing$xData processing. 676 $a777/.55 700 $aWolsky$b Tom$01877983 801 0$bMiAaPQ 801 1$bMiAaPQ 801 2$bMiAaPQ 906 $aBOOK 912 $a9910969348903321 996 $aFinal Cut Pro X for iMovie and Final Cut Express users$94490458 997 $aUNINA